000
00294nam a22001217a 4500
041
_a
ENG
100
_a
Garg.S.K
245
_a
Envirinmental Engineering Vol 1 Water Supply Engineering
260
_a
Delhi
_b
Khanna Publishers
_c
1977
300
_a
1180
650
_a
EOES
856
_u
EOES ( 12 )
999
_c
1230
_d
1230